Normal view
MARC view
Entry Personal Name
001 - CONTROL NUMBER
- control field: 16112
003 - CONTROL NUMBER IDENTIFIER
- control field: ARRUPE
005 - DATE AND TIME OF LATEST TRANSACTION
- control field: 20150310162556.0
008 - FIXED-LENGTH DATA ELEMENTS
- fixed length control field: 150310|| aca||aabn | a|a d
040 ## - CATALOGING SOURCE
- Original cataloging agency: ARRUPE
- Transcribing agency: ARRUPE
100 ## - HEADING--PERSONAL NAME
- Personal name: Leishman, J. B.
- Fuller form of name: (James Blair),
- Dates associated with a name: 1902-1963.
670 ## - SOURCE DATA FOUND
- Source citation: Work cat.: (ARRUPE)0: Leishman, J. B. (James Blair), 1902-1963., The monarch of wit;, 1962